000 00555nam a2200193Ia 4500
005 20260114185556.0
008 008 260114s9999 xx 000 0 eng d
020 _a9781350078161
037 _aEBOOK
040 _aCRL
_beng
_cCRL
041 _aeng
_2eng
084 _qCRL
100 _aEphraim Lytle
_9871762
245 2 _aA Cultural History of Work in Antiquity
260 _bBloomsbury
_c2020
856 _uhttps://doi.org/10.5040/9781350078161?locatt=label:secondary_bloomsburyCollections
942 _cEBOOK
999 _c1470710
_d1470710